| 000 | 00732nam a22001937a 4500 | ||
|---|---|---|---|
| 005 | 20251108175103.0 | ||
| 008 | 250721s2013 xx 000 0 ara d | ||
| 082 | 1 | 4 | _a154/حجا |
| 100 | 1 | _aحجازي، أحمد توفيق | |
| 245 | 1 | 0 | _aأسرار القوى النفسية الخارقة: حرر قدراتك الكامنة لتحقيق التميز و النجاح / |
| 264 | 1 |
_aعمان : _bدار كنوز المعرفة العلمية للنشر و التوزيع، _c2013. |
|
| 300 | _a168 ص. | ||
| 650 | 1 | 7 | _aعلم النفس |
| 650 | 1 | 7 | _aالعقل (علم نفس ) |
| 650 | 1 | 7 | _aالتنويم المغناطيسي |
| 650 | 1 | 7 | _aعلم النفس الفسيولوجي |
| 942 |
_2ddc _cBK |
||
| 999 |
_c125865 _d125865 |
||